Countries Of Europe II - Sudden Death - Statistics

General Stats
  • This quiz has been taken 58 times
  • The average score is 12 of 15
Answers on the Grid
Answers color-coded by a green-red scale on the quiz's grid according to % correct below.
France
Romania
Ukraine
United Kingdom
Kazakhstan
Mongolia
Italy
San Marino
San Francisco
Greece
Turkiye
Spain
Japan
Misr
Portugal
Zambia
Springbok
Catalonia
Vilnius
Latvia
Suomi
Poland
Guatemala
Federation Of Rhodos
Andorra
Icyland
Empire Of Parisia
Kutkland
Mozambique
Iberia
 
Answer Stats
Answer % Correct
check the map? Greece
95%
check the map? Ukraine
95%
check the map? France
93%
check the map? United Kingdom
93%
check the map? Poland
90%
check the map? Portugal
90%
check the map? Spain
90%
check the map? Italy
88%
check the map? Latvia
88%
check the map? Romania
88%
micronation, git gut Andorra
78%
micronation, git gut San Marino
78%
check the map? Turkiye
56%
Suomi is the name of Finland in finnish, sorry Suomi
29%
check the map? Kazakhstan
12%
No matching quizzes found
Score Distribution
Percent of People with Each Score
Percentile by Number Answered
Your Score History
You have not taken this quiz